Brighton Top Goalscorers of All Time - Statistics

General Stats
  • This quiz has been taken 22 times
  • The average score is 11 of 50
Answer Stats
Player APP Goals % Correct
Danny Welbeck 138 32
88%
Glenn Murray 287 111
88%
Lewis Dunk 467 31
88%
Kaoru Mitoma 79 14
71%
Alexis Mac Allister 112 20
59%
Leandro Trossard 121 25
59%
Solly March 286 25
59%
Neal Maupay 109 27
53%
Bobby Zamora 108 51
47%
Joao Pedro 45 23
47%
Chris Wood 31 9
41%
Shane Duffy 150 9
41%
Evan Ferguson 73 17
35%
Pascal Grob 261 32
35%
Anthony Knockaert 139 27
29%
Simon Adingra 50 11
29%
Dale Stephens 223 15
24%
Peter Ward 74 22
24%
Craig Mackail-Smith 122 24
18%
Gordon Smith 97 19
18%
Leonardo Ulloa 70 28
18%
Jamie Murphy 83 10
12%
Leon Knight 114 34
12%
Tomer Hemed 108 33
12%
Ashley Barnes 170 53
6%
David Lopez 71 12
6%
Gary Hart 266 16
6%
Inigo Calderon 232 19
6%
Jake Forster-Caskey 82 9
6%
Jake Robinson 144 20
6%
Kazenga LuaLua 183 22
6%
Michael Robinson 118 37
6%
Nicky Forster 118 51
6%
Sam Baldock 94 20
6%
Tommy Elphick 182 9
6%
Wiill Buckley 109 19
6%
Adam Virgo 146 16
0%
Alex Revell 70 17
0%
Andrew Crofts 125 12
0%
Andy Ritchie 91 24
0%
Bas Savage 41 10
0%
Dean Cox 177 22
0%
Dean Hammond 193 26
0%
Elliott Bennet 107 17
0%
Gerry Ryan 100 18
0%
Guy Butters 205 9
0%
Lee Steele 40 9
0%
Paul Brooker 86 10
0%
Ray Clarke 29 8
0%
Richard Carpenter 225 15
0%
No matching quizzes found
Score Distribution
Percent of People with Each Score
Percentile by Number Answered
Your Score History
You have not taken this quiz